| 000 | 00679nam a2200241Ia 4500 | ||
|---|---|---|---|
| 008 | 160621s9999 xx 000 0 und d | ||
| 020 | _a978-981-4455-69-5 | ||
| 050 | _aComSc HC 79.1 | ||
| 050 | _b.I55R49 2013 | ||
| 100 | _aReynolds, George W. | ||
| 245 | _aPrinciples of ethics in information technology / | ||
| 245 | _cGeorge Reynolds. | ||
| 250 | _a4th Edition | ||
| 260 | _aSingapore : | ||
| 260 | _bCengage Learning Asia Pte Ltd., | ||
| 260 | _c2013 | ||
| 300 | _a498 pages : | ||
| 300 | _billustrations ; | ||
| 300 | _c23 cm. | ||
| 500 | _aIncludes index. | ||
| 650 | _aInformation technology -- Moral and ethical aspects. | ||
| 650 | _xBusiness ethics. | ||
| 999 |
_c296097 _d296097 |
||